LEADER 01081nam 2200373 450 001 990002930880203316 005 20070523162606.0 010 $a88-04-55332-4 035 $a000293088 035 $aUSA01000293088 035 $a(ALEPH)000293088USA01 035 $a000293088 100 $a20070523d2006----km-y0itay50------ba 101 $aita 102 $aIT 105 $a||||||||001yy 200 1 $aCattolici, pacifisti, teocon$echiesa e politica in Italia dopo la caduta del Muro$fGaetano Quagliariello 210 $aMilano$cA. Mondadori$d2006 215 $a193 p.$d23 cm 225 2 $aFrecce 410 0$12001$aFrecce 454 1$12001 461 1$1001-------$12001 606 0 $aCattolicesimo e politica$yItalia$z1985-2005 676 $a261.70945 700 1$aQUAGLIARIELLO,$bGaetano$016831 801 0$aIT$bsalbc$gISBD 912 $a990002930880203316 951 $aX.3.B. 4241$b189085 L.M.$cX.3.$d00157968 959 $aBK 969 $aUMA 979 $aVITALE$b90$c20070523$lUSA01$h1626 996 $aCattolici, pacifisti, teocon$91030430 997 $aUNISA LEADER 01459nam a2200301 i 4500 001 991003316159707536 005 20021205144726.0 008 020610s|||| fr ||| | ||| 035 $ab11788781-39ule_inst 035 $aPARLA224349$9ExL 040 $aDip.to Scienze Storiche Filosofiche e Geografiche$bita 100 1 $aBonifacius $0220457 245 14$aLes registres de Boniface 8. :$bRecueil des Bulles de ce Pape publiees ou analysees d'apres les manuscrits originaux des Archives du Vatican /$cpar Antoine Thomas 260 $aParis :$bThorin [poi] Fontemoign,$c1884-1909 490 0 $aBibliotheque des Ecoles Francaises d'Athenes et de Rome. 2. ser 500 $a4 tomes in 17 fascicules 500 $aManca 2,3,7,,13,14,15,16,17 fascicolo 600 04$aBenedetto$c - Registri 700 1 $aThomas, Antoine$eauthor$4http://id.loc.gov/vocabulary/relators/aut$0164970 700 1 $aFawtier, Robert 700 1 $aDigard, Georges 907 $a.b11788781$b27-04-17$c09-12-02 912 $a991003316159707536 945 $aLE009 MSM VIII Coll.29,6/1$g1$i2009000137387$lle009$nV.1(fasc.1,4,5,6,8)$o-$pE0.00$q-$rn$so $t0$u0$v0$w0$x0$y.i12036195$z09-12-02 945 $aLE009 MSM VIII Coll.29,6/2$g1$i2009000137370$lle009$nV.2(fasc.9,10,11)$o-$pE0.00$q-$rn$so $t0$u0$v0$w0$x0$y.i12036183$z09-12-02 996 $aRegistres de Boniface 8.$91454223 997 $aUNISALENTO 998 $ale009$b01-01-02$cm$da $e-$feng$gfr $h4$i2 LEADER 02804nam 2200445z- 450 001 9910485581403321 005 20210617 035 $a(CKB)5590000000501176 035 $a(oapen)https://directory.doabooks.org/handle/20.500.12854/70832 035 $a(oapen)doab70832 035 $a(EXLCZ)995590000000501176 100 $a20202106d2020 |y 0 101 0 $aeng 135 $aurmn|---annan 181 $ctxt$2rdacontent 182 $cc$2rdamedia 183 $acr$2rdacarrier 200 00$aModeling of the Phase Change Material of a Hybrid Storage using the Finite Element Method 210 $aVienna$cTU Wien Academic Press$d2020 215 $a1 online resource (149 p.) 311 08$a3-85448-037-7 330 $aTo increase the efficiency of energy-intensive industrial processes, thermal energy storages can offer new possibilities. In recent years, especially latent heat thermal energy storages, exploiting the high energy density of phase change material (PCM), are becoming widely applied in industry. A novel approach is investigated in the project HyStEPs, funded by the Austrian Research Promotion Agency (FFG) with grant number 868842. In this concept, containers filled with PCM are placed at the shell surface of a Ruths steam storage, to increase storage efficiency. In this work, a two-dimensional model using the finite element method is developed to simulate the PCM of the hybrid storage as designed in the HyStEPs project. The apparent heat capacity method is applied in a MATLAB implementation, considering heat transfer by both conduction and natural convection. This successfully validated code can handle any desired layout of materials arranged on a rectangular domain. Furthermore, a parameter study of different dimensions and orientations of the PCM cavity was conducted. The impact of natural convection was found to lead to significantly varying behaviour of the studied cavities with different orientation during the charging process, while it was found to be negligible during the discharging process. 606 $aComputer modelling & simulation$2bicssc 606 $aEnergy conversion & storage$2bicssc 606 $aHeat transfer processes$2bicssc 606 $aThermodynamics & heat$2bicssc 610 $afinite element method 610 $ahybrid storage 610 $alatent heat storage 610 $anumerical modeling 610 $aphase change 615 7$aComputer modelling & simulation 615 7$aEnergy conversion & storage 615 7$aHeat transfer processes 615 7$aThermodynamics & heat 700 $aKasper$b Lukas$4auth$01304131 906 $aBOOK 912 $a9910485581403321 996 $aModeling of the Phase Change Material of a Hybrid Storage using the Finite Element Method$93027313 997 $aUNINA